000 00864nam a2200253Ia 4500
003 OSt
005 20220923222950.0
006 a|||||r|||| 00| 0
007 ta
008 220922b |||||||| |||| 00| 0 hin d
024 _a209,222
037 _cTextual
040 _aARTS
_cARTS
_bhin
041 _2hin
_ahin
082 _aO152,3N54,AS, M5
100 _aगौतम, राज कुमार
_9160371
245 0 _aऐसा सत्यव्रत ने नहीं चाहा था
246 _aAisā satyavrat ne nahīan chāhā thā
260 _aहापुड़
_b तिरुपति प्रका0
_c1985
300 _a143पृ.
_ccm.
650 _aहिन्दी साहित्य
_9156264
942 _hO152,3N54,AS, M5
_cTEXL
_2CC
999 _c359795
_d359795